000 00834nas a2200241 4500
001 BR0800823
003 BR-BrBNA
005 20231205111603.0
007 ta
008 230509b bl.|||p| |||| 00| 00por d
040 _aBR-BrBNA
_bpor
_cBiblioteca Nacional de Agricultura
041 _a(Pt)
072 _aL50
100 1 _aNeves, D.P.
100 1 _aSilva, J.E. da
245 1 _aAspectos da biologia dos culicinae do Parque das Mangabeiras, Belo Horizonte: 2. Grau de domesticidade e distribuição vertical na floresta
650 _aBIOLOGIA
650 _aPARQUE ESTADUAL
650 _aMINAS GERAIS
773 0 _tArquivos da Escola de Veterinária da Universidade Federal de Minas Gerais (Brazil)
_xISSN 0365-8384
_g(1974), v. 26(1) p. 45-50
_wBR0800823
909 _a202311
_bLúcia
_c55
_dLúcia Elande
942 _2AGRIS
_n0
_cANA
999 _c193425
_d193425